Načítá se...

John Dryden: MacFlecknoe: a song for St. Cecilia's day and alexander's feast/

Podrobná bibliografie
Hlavní autor: Lall, Ramji
Médium: Printed Book
Jazyk:English
Vydáno: New Delhi: Rama Brothers, 1999
LEADER 00584nam a22001577a 4500
003 OSt
005 20200624134519.0
008 151007b xxu||||| |||| 00| 0 eng d
082 |a 827.4D109 LAL/M 
100 |a Lall, Ramji 
245 |a John Dryden:   |b MacFlecknoe: a song for St. Cecilia's day and alexander's feast/  |c Ramji Lall 
260 |a New Delhi:  |b Rama Brothers,  |c 1999 
300 |a 95p. 
942 |2 ddc  |c BK 
999 |c 322706  |d 322706 
952 |0 0  |1 0  |2 ddc  |4 0  |6 827_000000000000000_4D109_LAL_M  |7 0  |9 369161  |a CSC  |b CSC  |c ST1  |d 2015-10-07  |i 10016  |l 0  |o 827.4D109 LAL/M  |p CSC10016  |r 2015-10-07  |w 2015-10-07  |y BK